000 01058cam a22001934a 4500
005 20250605164211.0
008 250528s ||||||||||||||||||||||||d
035 _a20275
040 _aGR-AtMCL
_bgre
_dGR-AtMCL
_eAACR2
245 1 _aFlight Training Handbook / Revised 1980
260 _c1980
300 _a328
520 _aPreface, Introduction to Flight Training, Introduction to Airplanes and Engines, Introduction to the Basics of Flight, The Effect and Use of Controls, Ground Operations, Basic Flight Maneuvers, Airport Traffic Patterns and Operations, Takeoffs and Departure Climbs, Landing Approaches and Landings, Faulty Approaches and Landings, Proficiency Flight Maneuvers, Cross-Country Flying, Emergency Flight by Reference to Instruments, Night Flying, Seaplane Operations, Transition to Other Airplanes, Principles of Flight and Performance Characteristicsm, Contents.
710 2 _aFederal Aviation Administration
_99788
710 2 _aU.S Department Of Transportation
_99787
942 _cBK
999 _c5401
_d5401